000 00815nam a22002297a 4500
005 20130321113231.0
010 _aENG-104401
020 _a9789380388953
_c1050.00
035 _aEN -87934
035 _aB-491248
037 _bDBAD/PUB
037 _bMallika Books/Ven
082 _a341.48
100 _aSingh, N.K.
245 _aInternational migration and human rights law /
_cby N.K.Singh
260 _aNew Delhi
_bD.P.S. Publishing House
_c2011
270 _aRoom No. 213, 7/28, Mahavir Street, Ansari Road, Darya Ganj,
_bNew Delhi
_e110002
300 _avi,279p.
_c22cm (Hb)
500 _aIncludes bibliographical references and index
942 _2ddc
_cEN
_mSIN
_h341.48
999 _c59720
_d59720